000 00637nam a2200241Ia 4500
003 OSt
005 20221006144836.0
006 a|||||r|||| 00| 0
007 ta
008 221006b |||||||| |||| 00| 0 eng d
020 _c219.00
024 _a12,899
037 _cTextual
040 _aEASL
_cEASL
_beng
041 _2eng
_aeng
082 _aV41:1958.N86, M7
100 _aAMBROZ OTON
245 0 _aPekings strategic deterrence to Soviet imperialism
260 _aLondon
_bPika Print
_c1987
300 _a250p.
_ccm.
942 _hV41:1958.N86, M7
_cTEXL
_2CC
999 _c1080985
_d1080985